书目信息 |
| 题名: |
无冕元帅
|
|
| 作者: | 张雄文 著 | |
| 分册: | ||
| 出版信息: | 北京 人民出版社 2008.07 |
|
| 页数: | 317页 | |
| 开本: | 24cm | |
| 丛书名: | ||
| 单 册: | ||
| 中图分类: | K825.2 | |
| 科图分类: | ||
| 主题词: | ||
| 电子资源: | ||
| ISBN: | 978-7-01-006896-1 | |
| 000 | 01080nam0 2200253 450 | |
| 001 | 012009378968 | |
| 005 | 20090916155715.39 | |
| 010 | @a978-7-01-006896-1@dCNY45.00 | |
| 100 | @a20090916d2008 em y0chiy0120 ea | |
| 101 | 0 | @achi |
| 102 | @aCN@b110000 | |
| 105 | @ac z 000yd | |
| 106 | @ar | |
| 200 | 1 | @a无冕元帅@Awu mian yuan shuai@e一个真实的粟裕@f张雄文著@Fzhang xiong wen zhu |
| 205 | @a第2版 | |
| 210 | @a北京@c人民出版社@d2008.07 | |
| 215 | @a317页@c肖像@d24cm | |
| 330 | @a粟裕身为共和国第一大将,一生经历了两个历史时期,即打天下的战争年代和建国后的和平年代。前一个年代,粟裕从一名普通的班长一步步走到野战军的统帅,毛泽东对粟裕言听计从,粟裕的战略思想和军事思想得到了充分的展示。后一个年代,政治风云变幻,此后,粟裕的历史形象被人随意歪曲,粟裕的历史贡献被人随意抹杀。直到粟裕去世10年后,一桩长达36年的冤案,才得以了结。 | |
| 517 | 1 | @a一个真实的粟裕@Ayi ge zhen shi de su yu |
| 600 | 0 | @a粟裕,@Asu yu@f1907-1984@x人物研究 |
| 690 | @aK825.2@v4 | |
| 701 | 0 | @a张雄文@Azhang xiong wen@4著 |
| 801 | 0 | @aCN@bQSSK@c20090916 |
| 905 | @b751652-54@dK825.2@eS875@f3 | |
| 无冕元帅:一个真实的粟裕/张雄文著.-第2版.-北京:人民出版社,2008.07 |
| 317页:肖像;24cm |
| ISBN 978-7-01-006896-1:CNY45.00 |
| 粟裕身为共和国第一大将,一生经历了两个历史时期,即打天下的战争年代和建国后的和平年代。前一个年代,粟裕从一名普通的班长一步步走到野战军的统帅,毛泽东对粟裕言听计从,粟裕的战略思想和军事思想得到了充分的展示。后一个年代,政治风云变幻,此后,粟裕的历史形象被人随意歪曲,粟裕的历史贡献被人随意抹杀。直到粟裕去世10年后,一桩长达36年的冤案,才得以了结。 |
| ● |
| 相关链接 |
|
|
|
正题名:无冕元帅
索取号:K825.2/S875
 
预约/预借
| 序号 | 登录号 | 条形码 | 馆藏地/架位号 | 状态 | 备注 |
| 1 | 751652 | 207516525 | 社科库309/309社科库 47排2列4层/ [索取号:K825.2/S875] | 在馆 | |
| 2 | 751653 | 207516534 | 社科库309/309社科库 47排2列4层/ [索取号:K825.2/S875] | 在馆 | |
| 3 | 751654 | 207516543 | 社科库309/ [索取号:K825.2/S875] | 在馆 |